Ý thức chính trị của công nhân trong một số doanh nghiệp : Sách tham khảo

Shranjeno v:
Bibliografske podrobnosti
Glavni avtor: Phan Thanh Khôi
Format: Knjiga
Jezik:Undetermined
Izdano: Hà Nội Chính trị quốc gia 2003
Teme:
Oznake: Označite
Brez oznak, prvi označite!
Thư viện lưu trữ: Trung tâm Học liệu Trường Đại học Cần Thơ
LEADER 00627nam a2200205Ia 4500
001 CTU_62169
008 210402s9999 xx 000 0 und d
020 |b 15500 
082 |a 331.09597 
082 |b Kh452 
100 |a Phan Thanh Khôi 
245 0 |a Ý thức chính trị của công nhân trong một số doanh nghiệp : Sách tham khảo 
245 0 |c Phan Thanh Khôi 
260 |a Hà Nội 
260 |b Chính trị quốc gia 
260 |c 2003 
650 |a labor economics 
650 |z vietnam 
904 |i Trúc Phương 
980 |a Trung tâm Học liệu Trường Đại học Cần Thơ